[Event "GER-ch52 final email"]
[Site "GER email"]
[Date "2022.04.15"]
[Round "?"]
[White "Bars, Joachim"]
[Black "Egner, Michael"]
[Result "1/2-1/2"]
[WhiteElo "2417"]
[BlackElo "2334"]
[PlyCount "97"]
[EventDate "2022.??.??"]
[EventType "tourn (corr)"]
[EventRounds "14"]
[EventCountry "GER"]
[SourceTitle "Corr 2024"]
[Source "ChessBase"]
[SourceDate "2023.10.19"]
[SourceVersion "1"]
[SourceVersionDate "2023.10.19"]
[SourceQuality "1"]

1. d4 f5 2. Bg5 g6 3. Nc3 Bg7 4. Nf3 Nf6 5. e3 d6 6. Bc4 c6 7. 0-0 Nbd7 8. a4 h6 9. Bh4 g5 10. Bg3 Nb6 11. Bb3 Nbd5 12. Nxd5 cxd5 13. c4 0-0 14. cxd5 Bd7 15. Nd2 Qe8 16. Rc1 Rc8 17. Rxc8 Qxc8 18. Qb1 Qc7 19. Qd3 Kh8 20. Rd1 Qa5 21. Qc3 Qa6 22. Bc4 b5 23. axb5 Bxb5 24. b3 Qb7 25. Qd3 Bd7 26. h4 g4 27. Qc3 a6 28. Ra1 Bb5 29. Qd3 Nxd5 30. Bxb5 axb5 31. Ra5 Nc7 32. h5 Qb6 33. b4 Qc6 34. Bh4 f4 35. Bxe7 Re8 36. Bh4 g3 37. Nf3 Qc4 38. Qxc4 bxc4 39. Kf1 c3 40. Ra1 Nd5 41. Rc1 gxf2 42. exf4 Rb8 43. Bxf2 Rxb4 44. Be1 Rb2 45. Bxc3 Ne3+ 46. Ke1 Nxg2+ 47. Kf1 Ne3+ 48. Kg1 Rg2+ 49. Kh1 1/2-1/2